Employment outlook for elementary and secondary school teachers. (Record no. 36690)
[ view plain ]
| 000 -LEADER | |
|---|---|
| fixed length control field | 01191cam a22002891 4500 |
| 001 - CONTROL NUMBER | |
| control field | l 50000078 |
| 003 - CONTROL NUMBER IDENTIFIER | |
| control field | DLC |
| 005 - DATE AND TIME OF LATEST TRANSACTION | |
| control field | 20260227111542.0 |
| 008 - FIXED-LENGTH DATA ELEMENTS--GENERAL INFORMATION | |
| fixed length control field | 821028s1949 dcu 000 0 eng c |
| 010 ## - LIBRARY OF CONGRESS CONTROL NUMBER | |
| LC control number | l 50000078 |
| 035 ## - SYSTEM CONTROL NUMBER | |
| System control number | (OCoLC)8902092 |
| 040 ## - CATALOGING SOURCE | |
| Original cataloging agency | U.S. Dept. of Labor. Library |
| Transcribing agency | OKentU |
| Modifying agency | DLC |
| 042 ## - AUTHENTICATION CODE | |
| Authentication code | premarc |
| 050 00 - LIBRARY OF CONGRESS CALL NUMBER | |
| Classification number | HD8051 |
| Item number | .A62 no. 972 |
| 051 ## - LIBRARY OF CONGRESS COPY, ISSUE, OFFPRINT STATEMENT | |
| Classification number | LB2833 |
| Item number | .T37 Suppl. |
| 100 1# - MAIN ENTRY--PERSONAL NAME | |
| Personal name | Taylor, Cora E. |
| 245 10 - TITLE STATEMENT | |
| Title | Employment outlook for elementary and secondary school teachers. |
| 260 ## - PUBLICATION, DISTRIBUTION, ETC. | |
| Place of publication, distribution, etc. | Washington : |
| Name of publisher, distributor, etc. | U.S. Govt. Print. Off. |
| Date of publication, distribution, etc. | [1949] |
| 300 ## - PHYSICAL DESCRIPTION | |
| Extent | vi, 89 p. ; |
| Dimensions | 26 cm. |
| 410 10 - SERIES STATEMENT/ADDED ENTRY--CORPORATE NAME [OBSOLETE, CAN/MARC], [LOCAL, USA] | |
| Corporate name or jurisdiction name as entry element | United States. |
| Subordinate unit | Bureau of Labor Statistics. |
| Title of a work | Bulletin |
| Volume number/sequential designation | no. 972 |
| 440 #0 - SERIES STATEMENT/ADDED ENTRY--TITLE | |
| Title | Occupational outlook series |
| 500 ## - GENERAL NOTE | |
| General note | "Originally published as Veterans' Administration pamphlet 7-4.13." |
| 500 ## - GENERAL NOTE | |
| General note | Accompanied by : "Effect of defense program on employment situation in elementary and secondary school teaching." (14 p. : diagr. ; 26 cm.) published: Washington : [s.n.], 1951. Call number: LB2833 .T37 Suppl. |
| 650 #0 - SUBJECT ADDED ENTRY--TOPICAL TERM | |
| Topical term or geographic name entry element | Teachers |
| Geographic subdivision | United States. |
| 650 #0 - SUBJECT ADDED ENTRY--TOPICAL TERM | |
| Topical term or geographic name entry element | Teachers |
| General subdivision | Salaries, etc. |
| Geographic subdivision | United States. |
| 650 #0 - SUBJECT ADDED ENTRY--TOPICAL TERM | |
| Topical term or geographic name entry element | Occupations |
| General subdivision | Description (Teaching)]. |
No items available.